000 00346nam a2200133 a 4500
005 20140414131856.0
008 100828s19uu xx 00 eng d
050 _aFIL
_bT13 2009
100 _aVibiesca, Renato
245 _aTaho, taho, taho... tahoooieyy!.
260 _aManila, Philippines :
_bLampara,
_c2009.
440 _a
999 _c110471
_d110471